| 000 | 00555nam a2200169 i 4500 | ||
|---|---|---|---|
| 001 | 91197 | ||
| 003 | ES-MaACL | ||
| 005 | 20230906180649.0 | ||
| 007 | t| | ||
| 008 | 050127s1970 sp ||||1| spa d | ||
| 100 | 1 |
_aLersch, Philipp. _971817 |
|
| 245 | 1 | 3 |
_aEl rostro y el alma _b: líneas fundamentales para un diagnóstico mímico / _cpor Philipp Lersch ; [traductor, José Rey Aneiros]. |
| 260 |
_a[Madrid] : _bOriens, _c[1970] |
||
| 300 |
_a154 p., 6 lám. ; _c23 cm. |
||
| 700 | 1 |
_aRey Aneiros, José. _996516 |
|
| 852 |
_aES-MaACL _jC-44529 _bR.73571 |
||
| 999 |
_c91197 _d91197 |
||